5HLuxD.jpg

KING HENRY VIII SENIOR AND PRIMARY SCHOOL LIBRARY OPAC

WHERE ARE THE GREAT PYRAMIDS? (Record no. 4574)

000 -LEADER
fixed length control field 00384nam a22001217a 4500
008 - FIXED-LENGTH DATA ELEMENTS--GENERAL INFORMATION
fixed length control field 250304b ||||| |||| 00| 0 eng d
020 ## - INTERNATIONAL STANDARD BOOK NUMBER
International Standard Book Number 9780448484099
082 ## - DEWEY DECIMAL CLASSIFICATION NUMBER
Classification number 932 HOO
100 ## - MAIN ENTRY--PERSONAL NAME
Personal name HOBBLER,DOROTHY AND THOMAS
Relator term AUTHOR
245 ## - TITLE STATEMENT
Title WHERE ARE THE GREAT PYRAMIDS?
260 ## - PUBLICATION, DISTRIBUTION, ETC.
Place of publication, distribution, etc. PENGUIN RANDOM HOUSE LLC,345,HUDSON STREET,NEW YORK,NEW YORK 10014
Name of publisher, distributor, etc. PENGUIN WORKSHOP
Date of publication, distribution, etc. 2015
942 ## - ADDED ENTRY ELEMENTS (KOHA)
Source of classification or shelving scheme
Holdings
Withdrawn status Lost status Source of classification or shelving scheme Damaged status Not for loan Collection code Permanent Location Current Location Shelving location Date acquired Total Checkouts Full call number Barcode Date last seen Date last checked out Price effective from Koha item type Public note
          Non-Fiction KH8 Primary School Library KH8 Primary School Library Non Fiction 2025-03-04 1 932 HOO KHPL000006395 2025-12-05 2025-10-27 2025-03-04 Books - Non Ficton KH8 PRIMARY LIBRARY

Powered By KH8 IT Dept